Statistics for Countries with the Highest HDI

Click here to take the quiz!

General Stats

  • This quiz has been taken 68,496 times
    (16,990 since last reset)
  • The average score is 19 of 22

Answer Stats

HDI Country % Correct
0.924United States
98%
0.933Sweden
97%
0.953 Norway
97%
0.926Canada
96%
0.922United Kingdom
94%
0.936Germany
94%
0.920Finland
94%
0.929Denmark
93%
0.944Switzerland
90%
0.939 Australia
90%
0.909Japan
90%
0.931Netherlands
89%
0.916Belgium
86%
0.917New Zealand
86%
0.904Luxembourg
86%
0.935Iceland
84%
0.908Austria
84%
0.956Monaco
82%
0.938Ireland
82%
0.916Liechtenstein
81%
0.932 Singapore
78%
0.961San Marino
72%

Score Distribution

Percentile by Number Answered

Percent of People with Each Score

Your Score History

You have not taken this quiz since the last reset